Heros of Olympus main 7 - Statistics

General Stats
  • This quiz has been taken 136 times
  • The average score is 5 of 7
Answer Stats
Answer % Correct
Percy Jackson
97%
Annabeth Chase
83%
Jason Grace
73%
Leo Valdez
61%
Piper Mclean
59%
Frank Zhang
47%
Hazel Levesque
39%
No matching quizzes found
Score Distribution
Percent of People with Each Score
Percentile by Number Answered
Your Score History
You have not taken this quiz